| 000 | 03191nam a2200385 i 4500 | ||
|---|---|---|---|
| 001 | 193187 | ||
| 003 | SpMaBN | ||
| 005 | 20250804062654.0 | ||
| 007 | ta | ||
| 008 | 230930s2010 sp | |||| 000 f spa | ||
| 015 | _aMON10 | ||
| 017 |
_aM 51586-2010 _bOficina Depósito Legal Madrid |
||
| 020 | _a9788499460871 | ||
| 035 | _a(OCoLC)733596842 | ||
| 035 | _aa4989557 | ||
| 040 |
_aSpMaBN _bspa _cSpMaBN _erdc _dEs-MaACL |
||
| 080 | _a821.134.2-31"19" | ||
| 100 | 1 |
_aBenítez, Jesús, _d1957- _0XX4581806 _eaut _9234283 |
|
| 245 | 1 | 0 |
_aLocuras : _bÓscar el loco y la profecía / _cJesús Benítez Benítez |
| 250 | _aPrimera edición, diciembre 2010 | ||
| 260 |
_aMadrid : _bEdición Personal, _c2010 |
||
| 300 |
_a257 páginas ; _c24 cm |
||
| 336 |
_2rdacontent _aTexto |
||
| 337 |
_2rdamedia _asin mediación |
||
| 338 |
_2rdacarrier _avolumen |
||
| 520 | _aDelirante historia de Óscar Baizán, un escritor neurótico y obsesivo que, además de, según sus palabras, tener «tendencias místicas», viaja a Asturias (Oviedo) y se establece en el hotel Trip durante un periodo de tiempo, sin consultarlo ni mencionárselo a su editor, huyendo del pánico que le supone crear de nuevo personajes para una nueva obra, y a fin de tomarse un tiempo de «reflexión y rememoración». La novela nos muestra a un personaje paranoide, temeroso y demencial, que nos cuenta este viaje, que en realidad son varios, y su estancia allí, donde asistimos a sus delirios y aventuras, y cuyo estado de ánimo fluctúa según el día, y las lecturas de literatos universales y escritores conocidos: Desfilan así Salvador Pániker, J.S. Mill, D. Hume, G. Debord, Eduardo Punset, Carlos Castilla del Pino, H. D. Thoreau, Schopenhauer, D.H. Lawrence, Rimbaud, Pessoa, Freud, el Dalai Lama, y un largo etcétera. La trama se complementa con los e-mails que el protagonista le escribe a su editor, donde le cuenta sus experiencias, que son también sus visiones y ensoñaciones. En la obra se construye un personaje y un relato lleno de absurdo, humor donde la realidad y la ficción se mezclan. Es un libro que está lleno de situaciones delirantes, con un estilo humorístico, todo producto de ensoñaciones, visiones, quimeras y fantasías, que en su narración beben de obras como el Quijote, o Amadís de Gaula, entre otras, siendo patente la cultura literaria en las menciones traídas a colación a lo largo de la novela. Una obra que reivindica la imaginación y la cultura de los libros en la sociedad actual, y con la que se realiza una propuesta sobre la humanización de la sociedad, el rechazo del dramatismo de la vida y la esperanza basada en una existencia rodeada de belleza que se tiene que descubrir. | ||
| 655 | 0 |
_aNovelas _9234319 |
|
| 852 |
_aES-MaACL _9200563 _bR.154593 _jN-9353 _cDEPOJ _gDedicatoria autógrafa del autor _hDonación: Jesús Benítez _xEncuadernación rústica |
||
| 903 |
_aBenítez, Jesús, _d1957- _ednr _9234283 |
||
| 942 |
_n0 _cMONOGRAFIA |
||
| 999 |
_c193187 _d193187 |
||